[Event "ESP-chT CECLUB Div2"]
[Site "Linares"]
[Date "2018.08.15"]
[Round "2.3"]
[White "Portillo Castellon, Javier"]
[Black "Pascual Palomo, Lucia"]
[Result "1-0"]
[WhiteElo "1957"]
[BlackElo "2119"]
[PlyCount "95"]
[EventDate "2018.08.14"]
[EventType "team-swiss"]
[EventRounds "7"]
[EventCountry "ESP"]
[SourceTitle "CBM 186 Extra"]
[Source "ChessBase"]
[SourceDate "2018.08.24"]
[SourceVersion "1"]
[SourceVersionDate "2018.08.24"]
[SourceQuality "1"]
[WhiteTeam "Beniajan Duochess CAC II"]
[BlackTeam "Villalba 64"]
[WhiteTeamCountry "ESP"]
[BlackTeamCountry "ESP"]

1. d4 e6 2. c4 Nf6 3. Nc3 Bb4 4. Qc2 b6 5. a3 Bxc3+ 6. Qxc3 Ne4 7. Qc2 f5 8. Nh3 Bb7 9. f3 Nf6 10. e3 Nc6 11. Bd3 Qe7 12. b4 a5 13. b5 Nd8 14. 0-0 0-0 15. a4 d6 16. Ba3 Nf7 17. c5 Nd5 18. Rfe1 bxc5 19. dxc5 Ne5 20. Bf1 Rf6 21. c6 Bc8 22. e4 fxe4 23. Rxe4 Rf5 24. Rae1 Qf7 25. Bb2 Nb4 26. Qd2 Ng6 27. Ng5 Qf8 28. Nxe6 Bxe6 29. Rxe6 Rd8 30. b6 cxb6 31. c7 Rc8 32. Rxd6 Ne7 33. Rd8 Rxc7 34. Rxf8+ Rxf8 35. Qd4 Ned5 36. Bc4 Rd8 37. Qxb6 Kh8 38. Bxd5 Nxd5 39. Qxa5 Rcd7 40. Rd1 h6 41. Qc5 Ne7 42. Rxd7 Rxd7 43. Bd4 Rb7 44. Kf2 Kh7 45. a5 Ng6 46. a6 Rb1 47. a7 Nf4 48. Qc2+ 1-0

[Event "Almansa op-B 13th"]
[Site "Almansa"]
[Date "2018.08.04"]
[Round "6.4"]
[White "Perez Garcia, Juan Angel"]
[Black "Portillo Castellon, Javier"]
[Result "0-1"]
[WhiteElo "1954"]
[BlackElo "1957"]
[PlyCount "50"]
[EventDate "2018.08.02"]
[EventType "swiss"]
[EventRounds "7"]
[EventCountry "ESP"]
[SourceTitle "EXT 2024"]
[Source "ChessBase"]
[SourceDate "2023.10.10"]
[SourceVersion "1"]
[SourceVersionDate "2023.10.10"]
[SourceQuality "1"]

1. d4 d5 2. Bf4 Nf6 3. Nf3 c6 4. c4 g6 5. Nc3 Bg7 6. cxd5 Nxd5 7. Nxd5 Qxd5 8. e3 Bg4 9. Be2 Qa5+ 10. Kf1 Nd7 11. a3 Bxf3 12. Bxf3 e5 13. b4 Qb6 14. dxe5 Nxe5 15. Be2 0-0 16. Rb1 Rfd8 17. Qb3 a5 18. b5 a4 19. Qc2 Qa5 20. Bxe5 Bxe5 21. bxc6 bxc6 22. Qxc6 Rac8 23. Qb5 Qd2 24. Kg1 Rb8 25. Qxe5 Rxb1+ 0-1

[Event "Benidorm op U2000 12th"]
[Site "Benidorm"]
[Date "2013.12.07"]
[Round "10"]
[White "Lopez Heras, Arturo"]
[Black "Portillo Castellon, Javier"]
[Result "0-1"]
[WhiteElo "1966"]
[BlackElo "1877"]
[PlyCount "52"]
[EventDate "2013.11.29"]
[EventType "swiss"]
[EventRounds "10"]
[EventCountry "ESP"]
[SourceTitle "CBM 157 Extra"]
[Source "ChessBase"]
[SourceDate "2013.12.19"]
[SourceVersion "1"]
[SourceVersionDate "2013.12.19"]
[SourceQuality "1"]

1. e4 c6 2. d4 d5 3. e5 c5 4. Nf3 Nc6 5. Bb5 e6 6. 0-0 Qb6 7. Bxc6+ bxc6 8. dxc5 Bxc5 9. Nc3 Ba6 10. Na4 Qa5 11. Nxc5 Qxc5 12. Re1 Ne7 13. Be3 Qb4 14. Nd4 Qxb2 15. Qg4 0-0 16. Reb1 Qc3 17. h4 c5 18. Bh6 Ng6 19. Nxe6 Bc8 20. h5 Bxe6 21. Qd1 gxh6 22. hxg6 hxg6 23. Rb3 Qxe5 24. Re3 Qf6 25. Rf3 Qg7 26. a4 Bg4 0-1

[Event "Benidorm op U2000 12th"]
[Site "Benidorm"]
[Date "2013.11.30"]
[Round "2"]
[White "Portillo Castellon, Javier"]
[Black "Paya Prats, Damian"]
[Result "0-1"]
[WhiteElo "1877"]
[BlackElo "1994"]
[PlyCount "93"]
[EventDate "2013.11.29"]
[EventType "swiss"]
[EventRounds "10"]
[EventCountry "ESP"]
[SourceTitle "CBM 157 Extra"]
[Source "ChessBase"]
[SourceDate "2013.12.19"]
[SourceVersion "1"]
[SourceVersionDate "2013.12.19"]
[SourceQuality "1"]

1. d4 f5 2. c4 Nf6 3. Nc3 e6 4. Qc2 Bb4 5. Nf3 b6 6. e3 Bb7 7. Be2 0-0 8. 0-0 Bxc3 9. bxc3 d6 10. a4 Nbd7 11. a5 Rb8 12. axb6 axb6 13. Rd1 Ne4 14. Nd2 Nxd2 15. Qxd2 Nf6 16. f3 Kh8 17. Ba3 Rg8 18. c5 g5 19. cxd6 cxd6 20. c4 g4 21. d5 gxf3 22. Bxf3 e5 23. Qb4 Ne8 24. Ra2 Qh4 25. Rf2 Bc8 26. Qb2 Rg7 27. c5 Qh6 28. cxd6 Qxe3 29. Bh5 Nf6 30. Bf3 Nd7 31. Rc1 Ba6 32. Qc3 Qg5 33. Qd2 Qg6 34. Rc7 Rbg8 35. g3 f4 36. g4 Qb1+ 37. Rc1 Qb3 38. Rc3 Qb5 39. h3 h5 40. Be2 Qa5 41. Bxa6 Qxa6 42. Rg2 Qb5 43. Bb2 Qb4 44. Rc8 Qxd6 45. Rc3 Qb4 46. Qe1 Qd6 47. Rc6 0-1